00243nam a22000977a 4500999001900000082002100019100002400040245003500064260003700099300000900136 c519845d519845 aTNC A6x5444 B152 aBhalla, G.S.931071 aNehru and the Indian peasantry aNew DelhibNehru Memorial Museum a45p.